Quizzes
Events
Quiz Creation
Community
Videos
Private Events
Remove Ads
Sign In
Join for FREE
Feedback
Dark Mode
Quiz Categories
Sports
Geography
Music
Movies
Television
Just For Fun
Miscellaneous
History
Literature
Language
Science
Gaming
Entertainment
Religion
Holiday
For Kids
Quiz Lab
Recent
Popular Today
Quiz Kudos Today
Editor Picks
Curator Picks
Quizzes by...
Day
Popularity
Type
Ratings
Length
Year
Community
Subscriptions
Recent Discussions
Orange Saloon
Badges
Playlists
Quests
Create
Leaderboards
Showdown
Live 5
Trivia Bingo
Activity
Puzzle Library
Sporcle Events
Private Events
Virtual Trivia
Globe League
Become a Host
Pub Owners
SporcleCon
Opinionation
Our Games
Videos
Blog
Mobile Apps
Partnerships
Remove Ads and Go Orange
Feedback
Movies
Disney
Marvel Cinematic Universe
Movie Resume
Movie Titles
Oscar
Actor
Actress
Director
Pixar
Role
Movie Quotes
Movie Characters
Box Office
Nominee
Best Picture
Star Wars
James Bond
Horror Movies
Movies
Disney
Marvel Cinematic Universe
Movie Resume
Movie Titles
Oscar
Actor
Actress
Director
Pixar
Role
Movie Quotes
Movie Characters
Box Office
Nominee
Best Picture
Star Wars
James Bond
Horror Movies
Random Quiz
Search Sporcle
×
Quiz Lab
Quiz Lab
Movies
Chinese
Type in answers that appear in a list
Type in answers that appear in a list
Classic
Best Score? Go Orange.
Zhang Yimou Movies Stats
Can you name the films directed by Zhang Yimou?
By
mama_za
7m
21 Questions
42 Plays
42 Plays
42 Plays
Comments
Comments
Give Quiz Kudos
Give Quiz Kudos
-
- Ratings
hide this ad
More Info
Replay
Link that replays current quiz
Next Quiz
Link to next quiz in quiz playlist
You Got
0%
They Got
Avg Score
32%
Avg Friend Score
Upgrade to see
Score Distribution
Jump to the score distribution portion of the page
Score
0/21
Timer
07:00
0
Plays Today
Year
Film
% Correct
2002
Hero
83.3%
1991
Raise the Red Lantern
81%
1987
Red Sorghum
69%
1994
To Live
66.7%
2004
House of Flying Daggers
64.3%
1990
Ju Dou
50%
2006
Curse of the Golden Flower
40.5%
1992
The Story of Qiu Ju
35.7%
2000
The Road Home
35.7%
1995
Shanghai Triad
33.3%
1999
Not One Less
26.2%
Year
Film
% Correct
2000
Happy Times
23.8%
2011
The Flowers of War
23.8%
2005
Riding Alone for Thousands of Miles
16.7%
2010
Under the Hawthorn Tree
16.7%
2009
A Woman, a Gun, and a Noodle Shop
14.3%
1997
Keep Cool
7.1%
1989
Daihao meizhoubao
2.4%
2007
To Each His Own Cinema
2.4%
1995
Lumière and Company
0%
1994
Hua hun
0%
Quiz Playlist
Details
Report
Send in Message
Add To Playlist
More Info:
Answers are mostly English titles and some pinyin.
Classic:
Type in answers that appear in a list
Quiz Source
Last Updated: Feb 16, 2017
Quiz Scoreboard
CHALLENGE
Sign Up to Join the Scoreboard
Show All
Scores
Hide
Comments
May contain spoilers
Recently Published
Movies - When Are They Set?
by FPL_Elf
Movies
5m
Popular People in 1961
by mucciniale
History
6m
1-10 Letter E Words III
by El_Dandy
Language
2m
More to Explore
Quiz From the Vault
Featured Blog Post
Where Did the Easter Bunny Come From?
hide this ad
You Might Also Like...
Tags
Chinese Quiz
Director Quiz
Today's Top Quizzes in Movies
Browse Movies
hide this ad
Today's Top Quizzes in Chinese
Browse Chinese
Top Contributed Quizzes in Movies
1
Multi-Oscar Nominations, One Movie, One Winner
2
12 Movies about Fictional 1960s Events
3
One Thing in Common: Movies
4
One Thing in Common: Movies II
5
Sunday Crossword: Film Score Composers
6
Three Word 'T' Movies Match Up
7
Three Word 'H' Movies Match Up
8
Three Word 'M' Movies Match Up
9
One Thing in Common: Oscars
10
Three Word 'P' Movies Match Up
Explore More
Trending Topics
Crossword
Harry Potter
Anime
Kpop
Disney
NBA
Marvel
Country
Soccer
Song
NFL
Puzzle
WWE
Pokémon
The Office
hide this ad
More By:
mama_za
Quiz
Plays
Rating
Category
Featured
Created
'Don't Stop Me Now' by Queen
7,973
3.26
Music
Mar 1, 2012
'Paint It Black' by The Rolling Stones
4,470
4.58
Music
Mar 1, 2012
'Killer Queen' by Queen
3,085
4.36
Music
Mar 1, 2012
'S-less' Countries
753
3.25
Geography
Mar 1, 2012
Pixies Songs by Opening Lyrics
659
5.00
Music
Mar 1, 2012
Go to Creator's Profile
Score Distribution
Quiz Creator Spotlight
mama_za
Follow
Send a Message
Quizzes Created
-
Created Quiz Play Count
-
More By This Creator
Popular Quizzes Today
1
Find the US States - No Outlines Minefield
2
Find the Countries of Europe - No Outlines Minefield
3
The Countries of the World
4
Popular People in 1961
5
1-10 Letter E Words III
6
US States
7
Find the US States
8
One Thing in Common: World Cities II
More Movies Quizzes
Every 'A' Name Missing in Movie Titles
Quiz Lab
Trending Quizzes
Risky Map Clicking: Least Populous States A-Z
1-10 Letter F Words
1-10 Letter G Words
One Thing in Common: United Kingdom
Risky Map Clicking: Next State Alphabetically
Recently Updated
Leaping Animals
pecheneg
Reality TV Shows (A-Z)
bhenderson79
Rickey Henderson's Hall of Fame Teammates
pecheneg
Champions League XIs: Arsenal
pecheneg
Quick Pick: Celebrities in WWE's Hall of Fame
aduchscher
A-Z Keypad Blitz II
pecheneg
Multiple Oscar Actors
pecheneg
Mystery Phrase Blitz: Oscar 'Best Actors'
pecheneg
F. Scott Fitzgerald Novels
LTH
Pick 3 Villains
ddd62291
Trending Topics
Crossword
NBA
Marvel
Harry Potter
Anime
Kpop
Disney
The Office
WWE
Country
NFL
Pokémon
Song
Soccer
Puzzle
Your Account Isn't Verified!
In order to create a playlist on Sporcle, you need to verify the email address you used during registration. Go to your
Sporcle Settings
to finish the process.
Report this User
Report this user for behavior that violates our
Community Guidelines
.
Details:
Send Report
Go to the Sporcle.com Mobile Site →
Comments